| 000 | 00365nam a22001337a 4500 | ||
|---|---|---|---|
| 020 | _a0471461261 | ||
| 040 | _cNUST | ||
| 082 |
_a621.3815324 _bSAY |
||
| 100 |
_aSyed , Ali .H _9123316 |
||
| 245 | _aFundamentals of Adaptive Filtering, | ||
| 260 |
_aCanadap: _bWiley Interscience, _c2003. |
||
| 650 |
_aFundamentals of Adaptive Filtering, _9123317 |
||
| 942 |
_2ddc _cBK |
||
| 999 |
_c609543 _d609543 |
||